Complete the Title: 1980s TV Shows Quiz Stats

 Plays Quiz Updated Nov 16, 2017

Challenge
Share
Tweet
Embed
Score 0/50 Timer 05:00
5 Plays Today
% Correct
Most
96.2%
Oprah
96.2%
Bell
96.2%
Married
95.8%
Murder
95.7%
Funniest
95.5%
Vice
95.3%
Pains
95.3%
Golden
95.1%
Letterman
95%
Jump
94.6%
House
94.5%
Doogie
94.1%
Two
93.7%
Tonight
93.2%
Boss
92.7%
Crypt
92.7%
Wonder
92.2%
Perfect
92.2%
Buddies
92.1%
Lacey
92.1%
Gimme
92%
Ties
91.7%
Seven
91.3%
Loves
90.9%
% Correct
Highway
90.8%
Playhouse
90.7%
Silver
90.2%
St.
90.1%
Hall
89.2%
Hooker
89.1%
Nest
89%
Murphy
88.2%
Charles
88.1%
Falcon
88%
Street
88%
Night
87.8%
Dear
87.8%
Women
85.9%
Star
84.5%
Fall
84.2%
Morning
84.1%
Away
83.1%
Harper
82.1%
Beach
77.4%
Hardcastle
75%
Brown
72.8%
Dowling
69.7%
King
69.4%
Freebie
64.7%

You're not logged in!

Compare scores with friends on all Sporcle quizzes.
OR
Log In

You Might Also Like...

Show Comments

Extras

Top Quizzes Today


Score Distribution

Your Account Isn't Verified!

In order to create a playlist on Sporcle, you need to verify the email address you used during registration. Go to your Sporcle Settings to finish the process.

Report this User

Report this user for behavior that violates our Community Guidelines.

Details: